000 00773nam a2200241 i 4500
001 11797
003 ES-MaACL
005 20231129062932.0
007 t|
008 961212s1996 sp ||||1| spa d
040 _cES-MaACL
080 _a860-14"19"
100 1 _aRodríguez Cañada, Basilio,
_d1961-
_998405
_eaut
245 1 0 _aAcreedor de eternidades
_b: (1990-1995) /
_cBasilio Rodríguez Cañada ; prólogo de José Ramón Trujillo.
250 _aEdición no venal.
260 _aMadrid :
_bSIAL,
_c1996.
300 _a102 p. :
_bretr. del autor ;
_c22 cm.
700 1 _aTrujillo, José Ramón.
_9111567
_eaui
852 _aES-MaACL
_jL-19156
_bR.125177
942 _cMONOGRAFIA
_n0
999 _c11797
_d11797